000 01013nam a2200265 a 4500
001 BRCA_8471
005 20190320210310.0
008 250116s2015----nyua######---#000-0#eng-#
020 _a9780847846436
041 _aeng
044 _anyu
050 4 _aSF561
_b.R43 2015
245 1 0 _aA red like no other how cochineal colored the world
_ban epic story of art, culture, sciencie, and trade
_cedited by Carmella Padilla & Barbara Anderson ; principal photography by Blair Clark.
260 _aNueva York
_bSkira Rizzoli Publications : Museum of International Folk Art
_c2015
300 _a319 p.
_bil. a color, mapas
_c29 cm.
500 _a2do. ejemplar en el Área de Investigación
504 _aIncluye referencias bibliográficas e índice
650 1 4 _aCochinilla (Tinte)
_921220
650 1 4 _aTintes y teñido
_94415
650 1 4 _aColor en el arte
_921221
700 1 _aPadilla, Carmella
_eed.
_921222
700 1 _aAnderson, Barbara
_eed.
_921223
700 1 _aClark, Blair
_eil.
_921224
942 _2lcc
_cB
999 _c8138
_d8138